[Event "81.Camp. Veneto Quarti di Finale"]
[Site "Verona ITA"]
[Date "2022.05.06"]
[Round "1.13"]
[White "Pigaiani, Francesco"]
[Black "Boraso, Francesco"]
[Result "0-1"]
[WhiteElo "1330"]
[BlackElo "1905"]
[Annotator "Gabriele Ballarin"]
[PlyCount "86"]
[EventDate "2022.05.06"]
[EventType "swiss"]
[EventRounds "5"]
[EventCountry "ITA"]

1. e4 c5 2. Nc3 Nc6 3. Nge2 g6 4. d4 cxd4 5. Nxd4 Bg7 6. Be3 d6 7. Qd2 Nf6 8. f3 a6 9. h4 h5 10. O-O-O Qc7 11. Nb3 b5 12. Be2 Rb8 13. f4 O-O 14. Kb1 b4 15. Nd5 Nxd5 16. Qxd5 Be6 17. Qd3 Rfc8 18. g4 hxg4 19. h5 d5 20. hxg6 fxg6 21. Nc5 dxe4 22. Qxe4 Bf5 23. Bc4+ e6 24. Bxe6+ Bxe6 25. Qxe6+ Qf7 26. Qxg4 Re8 27. Qh3 Qf6 28. Bc1 Rb5 29. Nd7 Qe6 30. Qh7+ Kf7 31. Rhe1 Qxe1 32. Rxe1 Rxe1 33. f5 Rxf5 34. Qh3 Rff1 35. a3 Rxc1+ 36. Ka2 Na5 37. Ne5+ Bxe5 38. Qd7+ Kf6 39. Qd8+ Kf5 40. Qxa5 bxa3 41. bxa3 Rb1 42. c3 Rbc1 43. Kb3 Rxc3+ 0-1

[Event "81.Camp. Veneto Quarti di Finale"]
[Site "Verona ITA"]
[Date "2022.05.06"]
[Round "1.14"]
[White "Zanotto, Enrico"]
[Black "Gregory, Matteo"]
[Result "0-1"]
[WhiteElo "1896"]
[BlackElo "1329"]
[Annotator "Gabriele Ballarin"]
[PlyCount "72"]
[EventDate "2022.05.06"]
[EventType "swiss"]
[EventRounds "5"]
[EventCountry "ITA"]

1. e4 c6 2. d4 d5 3. Nc3 dxe4 4. Nxe4 Bf5 5. Ng3 Bg6 6. Nf3 Nf6 7. h4 h6 8. h5 Bh7 9. Bd3 Bxd3 10. Qxd3 e6 11. Ne4 Nbd7 12. g3 Nxe4 13. Qxe4 Nf6 14. Qe2 Qa5+ 15. Bd2 Qd5 16. Rh4 Be7 17. c4 Qd8 18. O-O-O Nh7 19. Rg4 Ng5 20. Ne5 Bf6 21. Bc3 O-O 22. f4 Nh7 23. Qc2 Qe7 24. Nf3 Rad8 25. Nh4 c5 26. f5 cxd4 27. Bxd4 Rxd4 28. Rdxd4 Bxd4 29. Rxd4 Qg5+ 30. Qd2 Qxg3 31. Kc2 e5 32. f6 exd4 33. Nf5 Qg5 34. Ne7+ Kh8 35. fxg7+ Kxg7 36. Qxd4+ Nf6 0-1

[Event "81.Camp. Veneto Quarti di Finale"]
[Site "Verona ITA"]
[Date "2022.05.06"]
[Round "1.15"]
[White "Filippi, Marco"]
[Black "Danieli, Enrico"]
[Result "0-1"]
[WhiteElo "1289"]
[BlackElo "1894"]
[Annotator "Gabriele Ballarin"]
[PlyCount "56"]
[EventDate "2022.05.06"]
[EventType "swiss"]
[EventRounds "5"]
[EventCountry "ITA"]

1. e4 d6 2. d4 Nf6 3. Nc3 c6 4. Bd3 e5 5. Nge2 Be7 6. O-O O-O 7. Bg5 Bg4 8. f3 Bh5 9. dxe5 dxe5 10. Ng3 Bg6 11. Qe2 Qb6+ 12. Be3 Qxb2 13. Qd2 Qa3 14. Rfb1 b6 15. Rb3 Qd6 16. f4 exf4 17. Bxf4 Qc5+ 18. Kh1 Nbd7 19. Re1 Ng4 20. Re2 Nge5 21. h3 Rad8 22. Re3 Bf6 23. Nce2 Rfe8 24. Ng1 Nf8 25. Nf3 Nc4 26. Bxc4 Rxd2 27. Nxd2 b5 28. Be2 Ne6 0-1

[Event "81.Camp. Veneto Quarti di Finale"]
[Site "Verona ITA"]
[Date "2022.05.06"]
[Round "1.16"]
[White "Queiroz, Stella Becker"]
[Black "Peretti, Eva"]
[Result "1-0"]
[WhiteElo "1807"]
[BlackElo "1214"]
[Annotator "Gabriele Ballarin"]
[PlyCount "71"]
[EventDate "2022.05.06"]
[EventType "swiss"]
[EventRounds "5"]
[EventCountry "ITA"]

1. e4 e5 2. Nf3 Nc6 3. Bc4 Bc5 4. d3 d6 5. c3 Nf6 6. O-O Bg4 7. Be3 Bb6 8. Nbd2 h6 9. h3 Bh5 10. Re1 O-O 11. Nf1 d5 12. exd5 Nxd5 13. Ng3 Bg6 14. Bxb6 axb6 15. Nxe5 Nxe5 16. Rxe5 Nf4 17. d4 Ra5 18. Rxa5 bxa5 19. Qg4 Qd6 20. Re1 Qc6 21. Bf1 Nd5 22. Re5 Re8 23. h4 Nf6 24. Qf4 Qa4 25. Rxe8+ Nxe8 26. Qe5 b6 27. Kh2 Kf8 28. Bb5 f6 29. Bxa4 fxe5 30. Bxe8 Kxe8 31. dxe5 Ke7 32. f4 Bb1 33. a3 g6 34. Kg1 g5 35. hxg5 hxg5 36. f5 1-0

[Event "81.Camp. Veneto Quarti di Finale"]
[Site "Verona ITA"]
[Date "2022.05.06"]
[Round "1.17"]
[White "Prealta, Fiorenzo"]
[Black "Righi, Francesco"]
[Result "0-1"]
[WhiteElo "1092"]
[BlackElo "1781"]
[Annotator "Gabriele Ballarin"]
[PlyCount "84"]
[EventDate "2022.05.06"]
[EventType "swiss"]
[EventRounds "5"]
[EventCountry "ITA"]

1. e4 c5 2. Ne2 Nc6 3. c3 d5 4. exd5 Qxd5 5. Ng3 Nf6 6. d3 Bh3 7. c4 Qe5+ 8. Qe2 Qxe2+ 9. Nxe2 Bf5 10. Ng3 Bg6 11. Be2 Nb4 12. Na3 Nxd3+ 13. Bxd3 Bxd3 14. Be3 Rc8 15. Rd1 Bg6 16. O-O e6 17. h3 a6 18. Nb1 Be7 19. Nd2 O-O 20. Nf3 Rfd8 21. Ne5 Bc2 22. Rc1 Ba4 23. b3 Be8 24. Rfe1 Nd7 25. Nf3 Nb8 26. Bd2 Nc6 27. Bc3 Rd3 28. Ne5 Nxe5 29. Bxe5 Bc6 30. Ne2 Rcd8 31. Bc7 R8d7 32. Ba5 Bg5 33. Rb1 Bd2 34. Bxd2 Rxd2 35. a3 e5 36. Ng3 f6 37. Kh2 Rxf2 38. Rg1 Rdd2 39. h4 Rxg2+ 40. Rxg2 Bxg2 41. Kg1 Bf3 42. h5 Rg2+ 0-1

[Event "81.Camp. Veneto Quarti di Finale"]
[Site "Verona ITA"]
[Date "2022.05.06"]
[Round "1.18"]
[White "Vincenti, Leonardo"]
[Black "Torraca, Luca"]
[Result "1-0"]
[WhiteElo "1770"]
[BlackElo "1047"]
[Annotator "Gabriele Ballarin"]
[PlyCount "127"]
[EventDate "2022.05.06"]
[EventType "swiss"]
[EventRounds "5"]
[EventCountry "ITA"]

1. e4 b6 2. d4 Bb7 3. Nc3 a6 4. Nf3 Nf6 5. Bd3 g6 6. h3 Bg7 7. Be3 h6 8. Qd2 e6 9. g4 g5 10. O-O-O Bc6 11. Ne1 b5 12. f3 b4 13. Ne2 Qe7 14. h4 gxh4 15. g5 Ng8 16. Rxh4 d6 17. Ng2 a5 18. gxh6 Bf6 19. Rg4 Qf8 20. h7 Rxh7 21. e5 Rh2 22. exf6 Nxf6 23. Rg3 Kd7 24. Ngf4 Qh8 25. Qe1 Ke7 26. Bc4 Ba4 27. Bxe6 Qh7 28. Bb3 Bxb3 29. cxb3 Nc6 30. Bg1 Rh1 31. Nh3 Kd7 32. Nef4 a4 33. d5 Ne5 34. Qxb4 axb3 35. Qxb3 Rg8 36. Rxg8 Qxg8 37. Qb5+ Ke7 38. Qf1 Qa8 39. Kb1 Qa4 40. Rc1 Ne8 41. Qg2 Rxh3 42. Nxh3 Nd3 43. Qg5+ f6 44. Qg4 Qb5 45. Qe4+ Kf8 46. Rc2 Ne5 47. Re2 Ng7 48. f4 f5 49. Qe3 Qxd5 50. Rd2 Qb5 51. fxe5 Qf1+ 52. Kc2 Qc4+ 53. Qc3 Qe4+ 54. Qd3 Qa4+ 55. Kb1 Ne8 56. Qxf5+ Ke7 57. exd6+ cxd6 58. Re2+ Kd8 59. Bb6+ Nc7 60. Qf8+ Kd7 61. Qe7+ Kc6 62. Qxc7+ Kb5 63. Qd7+ Kb4 64. Re4# 1-0

[Event "81.Camp. Veneto Quarti di Finale"]
[Site "Verona ITA"]
[Date "2022.05.06"]
[Round "1.19"]
[White "Coghi, Simone"]
[Black "Conte, Edoardo"]
[Result "0-1"]
[WhiteElo "999"]
[BlackElo "1754"]
[Annotator "Gabriele Ballarin"]
[PlyCount "72"]
[EventDate "2022.05.06"]
[EventType "swiss"]
[EventRounds "5"]
[EventCountry "ITA"]

1. d4 Nf6 2. c4 g6 3. Nc3 Bg7 4. e4 d6 5. Nf3 Nbd7 6. Be2 O-O 7. O-O e5 8. dxe5 dxe5 9. h3 Qe7 10. Be3 b6 11. Nd5 Nxd5 12. cxd5 Bb7 13. Rc1 Rac8 14. Qc2 f5 15. Bd3 Nf6 16. Bg5 h6 17. Bh4 f4 18. Bxf6 Qxf6 19. Qb3 Kh7 20. Rc2 Rf7 21. Qa3 a5 22. Nh2 Bf8 23. Ng4 Qg5 24. Qc3 Bd6 25. f3 h5 26. Nf2 Rg8 27. Rfc1 Bc8 28. Bf1 Qg3 29. Qe1 Bb4 30. Qd1 Bc5 31. Rxc5 bxc5 32. Rxc5 g5 33. Rxa5 g4 34. Nh1 Qh4 35. hxg4 hxg4 36. Be2 g3 0-1

[Event "81.Camp. Veneto Quarti di Finale"]
[Site "Verona ITA"]
[Date "2022.05.06"]
[Round "1.20"]
[White "Gennari, Leone"]
[Black "Pollesel, Francesco"]
[Result "1-0"]
[WhiteElo "1754"]
[BlackElo "999"]
[Annotator "Gabriele Ballarin"]
[PlyCount "57"]
[EventDate "2022.05.06"]
[EventType "swiss"]
[EventRounds "5"]
[EventCountry "ITA"]

1. d4 Nf6 2. c4 g6 3. Nc3 Bg7 4. e4 d6 5. f4 c5 6. d5 e5 7. fxe5 dxe5 8. Nf3 Bg4 9. Be2 O-O 10. O-O Re8 11. h3 Bc8 12. Bg5 h6 13. Bh4 g5 14. Bf2 Nfd7 15. Ne1 Nf8 16. Bxc5 Nbd7 17. Be3 Ng6 18. Bg4 Rf8 19. c5 Nf6 20. Bxc8 Rxc8 21. b4 Ne8 22. Rc1 f6 23. d6 Rf7 24. Qd5 Qd7 25. Nd3 Kf8 26. Ne2 Qc6 27. Qxc6 bxc6 28. Ng3 a6 29. Nf5 1-0

[Event "81.Camp. Veneto Quarti di Finale"]
[Site "Verona ITA"]
[Date "2022.05.07"]
[Round "2.1"]
[White "Barp, Alberto"]
[Black "Faccia, Sergio"]
[Result "1-0"]
[WhiteElo "2384"]
[BlackElo "1934"]
[Annotator "Gabriele Ballarin"]
[PlyCount "79"]
[EventDate "2022.05.06"]
[EventType "swiss"]
[EventRounds "5"]
[EventCountry "ITA"]

1. d4 c5 2. d5 Nf6 3. c4 b5 4. cxb5 a6 5. bxa6 Bxa6 6. Nc3 g6 7. e4 Bxf1 8. Kxf1 d6 9. g3 Bg7 10. Kg2 O-O 11. Nf3 Nbd7 12. a4 Qb8 13. Qe2 Ng4 14. Nd2 Ngf6 15. Ra3 Ne8 16. Nc4 Nc7 17. Bg5 Re8 18. Qc2 Na6 19. a5 Nb4 20. Qa4 Qb7 21. Rb1 f5 22. Qd1 fxe4 23. Qg4 Ne5 24. Nxe5 Bxe5 25. Qxe4 e6 26. dxe6 Qxe4+ 27. Nxe4 Rxe6 28. Bd2 Bd4 29. Nc3 Nd3 30. Nb5 Rf8 31. Nxd4 Rxf2+ 32. Kh3 cxd4 33. Rxd3 Ree2 34. Bf4 Rxh2+ 35. Kg4 h5+ 36. Kg5 h4 37. gxh4 Rhg2+ 38. Rg3 Rgf2 39. a6 Re4 40. a7 1-0

[Event "81.Camp. Veneto Quarti di Finale"]
[Site "Verona ITA"]
[Date "2022.05.07"]
[Round "2.2"]
[White "Bertani, Gianfranco"]
[Black "Kosarev, Andrei M."]
[Result "0-1"]
[WhiteElo "1946"]
[BlackElo "2306"]
[Annotator "Gabriele Ballarin"]
[PlyCount "32"]
[EventDate "2022.05.06"]
[EventType "swiss"]
[EventRounds "5"]
[EventCountry "ITA"]

1. d4 f5 2. Bf4 Nf6 3. e3 e6 4. Bd3 b6 5. h3 Bb7 6. Nf3 Bd6 7. Bxd6 cxd6 8. Nc3 a6 9. Qe2 Ne4 10. g4 Qc7 11. O-O-O Nxc3 12. bxc3 Qc6 13. Nd2 Qxc3 14. Nc4 Bxh1 15. f3 d5 16. Nxb6 Qa3+ 0-1

[Event "81.Camp. Veneto Quarti di Finale"]
[Site "Verona ITA"]
[Date "2022.05.07"]
[Round "2.3"]
[White "Boraso, Alessio"]
[Black "Queiroz, Stella Becker"]
[Result "1-0"]
[WhiteElo "2287"]
[BlackElo "1807"]
[Annotator "Gabriele Ballarin"]
[PlyCount "67"]
[EventDate "2022.05.06"]
[EventType "swiss"]
[EventRounds "5"]
[EventCountry "ITA"]

1. e4 c6 2. d4 d5 3. Nc3 dxe4 4. Nxe4 Nd7 5. Bc4 Ngf6 6. Ng5 e6 7. Ne2 h6 8. Nf3 Bd6 9. Bf4 Qc7 10. Qd2 b5 11. Bb3 Bb7 12. c3 Nd5 13. Bxd5 cxd5 14. O-O Nb6 15. Rfe1 Nc4 16. Qc1 Rc8 17. a3 a5 18. Bxd6 Qxd6 19. Nf4 O-O 20. Nd3 Rc7 21. Nfe5 f6 22. Ng6 Rff7 23. f4 Kh7 24. Qc2 f5 25. Nge5 Nxe5 26. Rxe5 Ba6 27. b4 Rf6 28. Nc5 a4 29. Qe2 Kg8 30. Re1 Kf7 31. Qh5+ Kg8 32. Rxe6 Rxe6 33. Rxe6 Qxf4 34. Qe8+ 1-0

[Event "81.Camp. Veneto Quarti di Finale"]
[Site "Verona ITA"]
[Date "2022.05.07"]
[Round "2.4"]
[White "Boraso, Francesco"]
[Black "Coratella, Giuseppe"]
[Result "1/2-1/2"]
[WhiteElo "1905"]
[BlackElo "2187"]
[Annotator "Gabriele Ballarin"]
[PlyCount "96"]
[EventDate "2022.05.06"]
[EventType "swiss"]
[EventRounds "5"]
[EventCountry "ITA"]

1. e4 e6 2. d4 d5 3. Nc3 Nf6 4. e5 Nfd7 5. f4 c5 6. Nf3 Qb6 7. Be3 Nc6 8. Na4 Qa5+ 9. c3 cxd4 10. b4 Qc7 11. Nxd4 a6 12. Bd3 Be7 13. O-O Nxd4 14. Bxd4 b5 15. Nb2 Nb6 16. a4 Bd7 17. a5 Nc4 18. Qc2 g6 19. Be2 Nxb2 20. Qxb2 Rc8 21. g4 Qc6 22. Kh1 O-O 23. g5 h6 24. gxh6 Kh7 25. Bd3 Kxh6 26. Qg2 Be8 27. Rf3 Kg7 28. Rg1 Rh8 29. f5 exf5 30. Bxf5 Kg8 31. e6 Rh6 32. exf7+ Bxf7 33. Bxc8 Qxc8 34. Be5 d4 35. Rxf7 Kxf7 36. Qd5+ Ke8 37. Bxd4 Qh3 38. Be5 g5 39. Rd1 Re6 40. Bg3 Qg4 41. Qd7+ Kf8 42. Rf1+ Kg7 43. Qd5 Bf6 44. Rf5 Qe4+ 45. Qxe4 Rxe4 46. Rc5 Re3 47. c4 Be7 48. Rc7 bxc4 1/2-1/2

[Event "81.Camp. Veneto Quarti di Finale"]
[Site "Verona ITA"]
[Date "2022.05.07"]
[Round "2.5"]
[White "Zanchetta, Nicola"]
[Black "Vincenti, Leonardo"]
[Result "1/2-1/2"]
[WhiteElo "2142"]
[BlackElo "1770"]
[Annotator "Gabriele Ballarin"]
[PlyCount "111"]
[EventDate "2022.05.06"]
[EventType "swiss"]
[EventRounds "5"]
[EventCountry "ITA"]

1. e4 c5 2. Ne2 d6 3. c4 Nc6 4. Nbc3 g6 5. g3 Bg7 6. Bg2 e6 7. O-O Nge7 8. d3 O-O 9. Be3 b6 10. Qd2 Bb7 11. Bh6 Nd4 12. Bxg7 Kxg7 13. Nxd4 cxd4 14. Ne2 e5 15. f4 f5 16. fxe5 dxe5 17. exf5 Bxg2 18. f6+ Rxf6 19. Rxf6 Kxf6 20. Kxg2 Nf5 21. Rf1 Kg7 22. Kg1 Ne3 23. Rf3 Qd6 24. Nc1 Rf8 25. Rxf8 Qxf8 26. Qe2 Qf5 27. Nb3 Qg4 28. Qxg4 Nxg4 29. c5 Kf6 30. cxb6 axb6 31. Nd2 Ne3 32. Ne4+ Ke6 33. a4 Nd1 34. b4 Nb2 35. a5 bxa5 36. bxa5 Kd5 37. Nf2 Kc5 38. Kg2 Kb5 39. Kf3 Kxa5 40. Ke4 Kb4 41. Ng4 Kc3 42. Nxe5 Nd1 43. Kf3 Nb2 44. Ke2 g5 45. h3 h5 46. Nf3 Nxd3 47. Nxg5 Nc5 48. g4 d3+ 49. Kd1 h4 50. Nf3 Ne4 51. g5 d2 52. Nxd2 Nxd2 53. g6 Ne4 54. Ke2 Kd4 55. Kf3 Ke5 56. Kg4 1/2-1/2

[Event "81.Camp. Veneto Quarti di Finale"]
[Site "Verona ITA"]
[Date "2022.05.07"]
[Round "2.6"]
[White "Danieli, Enrico"]
[Black "Zenari, Marco"]
[Result "1/2-1/2"]
[WhiteElo "1894"]
[BlackElo "2128"]
[Annotator "Gabriele Ballarin"]
[PlyCount "95"]
[EventDate "2022.05.06"]
[EventType "swiss"]
[EventRounds "5"]
[EventCountry "ITA"]

1. e4 c5 2. d4 cxd4 3. c3 d3 4. Bxd3 Nc6 5. c4 d6 6. h3 g6 7. Nf3 Bg7 8. O-O Nf6 9. Be3 O-O 10. Nc3 Nd7 11. Rc1 Nde5 12. Nxe5 dxe5 13. Qd2 Nd4 14. Be2 Qa5 15. Rfd1 Rd8 16. Qe1 Be6 17. b3 a6 18. Na4 Qc7 19. c5 f5 20. f3 Rf8 21. Nb6 Rad8 22. Nd5 Bxd5 23. exd5 Kh8 24. c6 Rxd5 25. cxb7 Qxb7 26. Bc4 Rd6 27. Qa5 Rfd8 28. Bxd4 exd4 29. Bd3 Rc8 30. Rc4 Rxc4 31. Bxc4 Bf6 32. Qa4 Qc6 33. Qb4 Qb6 34. Qxb6 Rxb6 35. Kf1 e5 36. Bd5 Rd6 37. Bb7 Rd7 38. Ba8 Rc7 39. Ke2 Kg7 40. Bd5 Kf8 41. Bc4 e4 42. Rf1 d3+ 43. Kd2 Bg5+ 44. Kc3 Ke7 45. fxe4 fxe4 46. Rf7+ Kd6 47. Rxc7 Kxc7 48. Bxa6 1/2-1/2

[Event "81.Camp. Veneto Quarti di Finale"]
[Site "Verona ITA"]
[Date "2022.05.07"]
[Round "2.7"]
[White "Casadio, Niccolò"]
[Black "Gennari, Leone"]
[Result "1-0"]
[WhiteElo "2127"]
[BlackElo "1754"]
[Annotator "Gabriele Ballarin"]
[PlyCount "49"]
[EventDate "2022.05.06"]
[EventType "swiss"]
[EventRounds "5"]
[EventCountry "ITA"]

1. d4 Nf6 2. Bf4 g6 3. Nc3 Bg7 4. e4 d6 5. Qd2 O-O 6. Bh6 c6 7. O-O-O b5 8. f3 b4 9. Nce2 Qa5 10. Kb1 e5 11. Bxg7 Kxg7 12. h4 h5 13. g4 hxg4 14. h5 Rh8 15. Qg5 Rxh5 16. Rxh5 Nxh5 17. fxg4 f6 18. Qh4 Nf4 19. Nxf4 exf4 20. Nf3 g5 21. Qh3 Be6 22. d5 Bf7 23. Nd4 Qc7 24. Nf5+ Kf8 25. Qh8+ 1-0

[Event "81.Camp. Veneto Quarti di Finale"]
[Site "Verona ITA"]
[Date "2022.05.07"]
[Round "2.8"]
[White "Bevilacqua, Maurizio"]
[Black "Tommasi, Matteo"]
[Result "1/2-1/2"]
[WhiteElo "2049"]
[BlackElo "999"]
[Annotator "Gabriele Ballarin"]
[PlyCount "120"]
[EventDate "2022.05.06"]
[EventType "swiss"]
[EventRounds "5"]
[EventCountry "ITA"]

1. d4 d5 2. Nf3 Nf6 3. c4 e6 4. g3 dxc4 5. Qa4+ Nbd7 6. Qxc4 c5 7. Bg2 Be7 8. O-O O-O 9. Rd1 Nb6 10. Qc2 cxd4 11. Rxd4 Bd7 12. Nc3 Rc8 13. Ne5 Nbd5 14. Bf4 Nxf4 15. gxf4 Qc7 16. Nxd7 Nxd7 17. Rad1 Rfd8 18. Qe4 Bf6 19. Nb5 Qc5 20. Rxd7 Qxb5 21. Qxb7 Qxb7 22. Bxb7 Rxd7 23. Rxd7 Rc2 24. Bf3 Rxb2 25. Rxa7 g6 26. e3 h5 27. f5 Bh4 28. fxe6 Bxf2+ 29. Kf1 fxe6 30. Ra6 Kf7 31. e4 Bd4 32. Be2 Kf6 33. Bc4 Rb6 34. Rxb6 Bxb6 35. Ke2 Ke5 36. Kf3 g5 37. h3 g4+ 38. hxg4 hxg4+ 39. Kxg4 Kxe4 40. Bxe6 Kd4 41. Kf3 Kc3 42. Ke4 Kb4 43. Bb3 Ka3 44. Kd5 Bd8 45. Kc4 Be7 46. Kc3 Bb4+ 47. Kc4 Be7 48. Kc3 Bb4+ 49. Kc4 Be7 50. Kc3 Bb4+ 51. Kc4 Be7 52. Kd5 Bb4 53. Ke6 Bc5 54. Kd5 Bf8 55. Kc4 Be7 56. Kc3 Bb4+ 57. Kc4 Be7 58. Kc3 Bb4+ 59. Kc4 Be7 60. Kc3 Bb4+ 1/2-1/2

[Event "81.Camp. Veneto Quarti di Finale"]
[Site "Verona ITA"]
[Date "2022.05.07"]
[Round "2.9"]
[White "Righi, Francesco"]
[Black "Vujicic, Luigi"]
[Result "1/2-1/2"]
[WhiteElo "1781"]
[BlackElo "1952"]
[Annotator "Gabriele Ballarin"]
[PlyCount "118"]
[EventDate "2022.05.06"]
[EventType "swiss"]
[EventRounds "5"]
[EventCountry "ITA"]

1. e4 c6 2. d4 d5 3. exd5 cxd5 4. Bd3 Nf6 5. h3 Nc6 6. c3 g6 7. Nf3 Bg7 8. O-O O-O 9. Re1 Bf5 10. Bxf5 gxf5 11. Bf4 Ne4 12. Nbd2 e6 13. Nb3 b6 14. Nc1 Rc8 15. Nd3 Qe7 16. Nfe5 Nxe5 17. Nxe5 Qh4 18. Qf3 Rfe8 19. Qe3 f6 20. Nf3 Qh5 21. Rad1 e5 22. Bh2 Rcd8 23. Qe2 Qf7 24. Qc2 Kh8 25. Qb3 Rd7 26. Nh4 f4 27. Nf5 Qg6 28. Nh4 Qh5 29. Nf3 Qf7 30. Nd2 Ng5 31. Qa4 Rde7 32. f3 Qg6 33. Kh1 Bh6 34. Qb4 Rg7 35. Re2 Nf7 36. Qb5 Rd8 37. Rg1 Rgg8 38. Qa4 Qf5 39. Rge1 Rd7 40. Bg1 Re7 41. Qc6 Rd8 42. Bf2 Ng5 43. dxe5 Re6 44. Qc7 Rde8 45. Bd4 R6e7 46. Qd6 Nf7 47. Qxd5 fxe5 48. Bf2 Rd7 49. Qe4 Qe6 50. Qa4 Bg7 51. Ne4 Nd6 52. Rd1 b5 53. Qc2 Nxe4 54. Rxe4 Rxd1+ 55. Qxd1 Qxa2 56. Qc2 Rd8 57. Re2 a6 58. Rd2 Qg8 59. Qd1 Bf6 1/2-1/2

[Event "81.Camp. Veneto Quarti di Finale"]
[Site "Verona ITA"]
[Date "2022.05.07"]
[Round "2.10"]
[White "Conte, Edoardo"]
[Black "Gennari, Jacopo"]
[Result "0-1"]
[WhiteElo "1754"]
[BlackElo "2073"]
[Annotator "Gabriele Ballarin"]
[PlyCount "74"]
[EventDate "2022.05.06"]
[EventType "swiss"]
[EventRounds "5"]
[EventCountry "ITA"]

1. e4 d5 2. exd5 Nf6 3. Nf3 Nxd5 4. d4 Bg4 5. Be2 e6 6. c4 Nb6 7. Be3 Nc6 8. Nbd2 Be7 9. Rc1 O-O 10. O-O f5 11. d5 exd5 12. Bxb6 axb6 13. cxd5 Nb4 14. Bc4 Kh8 15. a3 Nxd5 16. Bxd5 Qxd5 17. Rxc7 Bd6 18. Rc2 Rad8 19. h3 Bh5 20. Qe2 b5 21. Qe3 Rfe8 22. Qg5 Qf7 23. Nd4 Be7 24. Qf4 g5 25. Qxf5 Rxd4 26. Qxb5 Bg6 27. Re1 Rd5 28. Qc4 Bxc2 29. Qc3+ Kg8 30. Qxc2 Bc5 31. Rxe8+ Qxe8 32. Nf3 Qf7 33. b4 Bb6 34. a4 Qf5 35. Qc4 Kg7 36. Qc3+ Qf6 37. Qb3 Rd2 0-1

[Event "81.Camp. Veneto Quarti di Finale"]
[Site "Verona ITA"]
[Date "2022.05.07"]
[Round "2.11"]
[White "Gallo, Pietro"]
[Black "Zanotto, Enrico"]
[Result "1/2-1/2"]
[WhiteElo "1537"]
[BlackElo "1896"]
[Annotator "Gabriele Ballarin"]
[PlyCount "94"]
[EventDate "2022.05.06"]
[EventType "swiss"]
[EventRounds "5"]
[EventCountry "ITA"]

1. d4 Nf6 2. Nf3 g6 3. c4 Bg7 4. Nc3 d6 5. e4 O-O 6. Be2 c5 7. O-O cxd4 8. Nxd4 Nc6 9. Be3 Nd7 10. f4 a6 11. Qd2 Nc5 12. Rad1 Nxd4 13. Bxd4 Bxd4+ 14. Qxd4 Ne6 15. Qe3 Qa5 16. Nd5 Qc5 17. Nxe7+ Kg7 18. Nd5 f5 19. Qxc5 Nxc5 20. Nc7 Ra7 21. exf5 Bxf5 22. Rxd6 b5 23. Rc6 Rc8 24. Rxc5 Rcxc7 25. Rxc7+ Rxc7 26. cxb5 axb5 27. g4 Rc2 28. gxf5 Rxe2 29. Rf2 Re1+ 30. Kg2 gxf5 31. Kf3 Rc1 32. Ke3 Kf6 33. Kd4 Rc4+ 34. Kd5 Rc1 35. b3 b4 36. Re2 Rf1 37. Re6+ Kf7 38. Rh6 Kg7 39. Rh4 Rc1 40. Rh3 Rc2 41. Ke5 Kg6 42. Rg3+ Kf7 43. Kxf5 Rxh2 44. Ke5 Rxa2 45. Kd4 Rc2 46. Rh3 Kg6 47. f5+ Kxf5 1/2-1/2

[Event "81.Camp. Veneto Quarti di Finale"]
[Site "Verona ITA"]
[Date "2022.05.07"]
[Round "2.12"]
[White "Simonetto, Andrea"]
[Black "Calore, Elias"]
[Result "1-0"]
[WhiteElo "2249"]
[BlackElo "1443"]
[Annotator "Gabriele Ballarin"]
[PlyCount "82"]
[EventDate "2022.05.06"]
[EventType "swiss"]
[EventRounds "5"]
[EventCountry "ITA"]

1. e4 c5 2. Nf3 d6 3. Bb5+ Bd7 4. c4 a6 5. Bxd7+ Qxd7 6. Nc3 e6 7. O-O Nf6 8. d4 cxd4 9. Nxd4 Nc6 10. b3 Be7 11. Bb2 O-O 12. Qd2 Rfd8 13. Rfd1 d5 14. cxd5 exd5 15. Nxc6 bxc6 16. e5 Ne8 17. Na4 Qb7 18. Rac1 Rdc8 19. Bd4 Rab8 20. Qc2 Qb5 21. h3 Ba3 22. Bb2 Bxb2 23. Nxb2 Rb6 24. Na4 Rbb8 25. Nc5 Rd8 26. f4 Rbc8 27. Kh1 g6 28. Qd3 Ng7 29. Qxb5 axb5 30. Nb7 Rd7 31. Nd6 Ra8 32. Rxc6 Ne6 33. f5 gxf5 34. Rxd5 b4 35. Rc2 Rda7 36. Nxf5 Rxa2 37. Rc4 Rb8 38. Rg4+ Kf8 39. Nh6 Ke7 40. Ng8+ Rxg8 41. Rxg8 Rxg2 1-0

[Event "81.Camp. Veneto Quarti di Finale"]
[Site "Verona ITA"]
[Date "2022.05.07"]
[Round "2.13"]
[White "Pigato, Alex"]
[Black "Pigaiani, Francesco"]
[Result "0-1"]
[WhiteElo "1787"]
[BlackElo "1330"]
[Annotator "Gabriele Ballarin"]
[PlyCount "62"]
[EventDate "2022.05.06"]
[EventType "swiss"]
[EventRounds "5"]
[EventCountry "ITA"]

1. d4 Nf6 2. Nf3 c6 3. c4 d5 4. Nc3 e6 5. Bg5 Nbd7 6. e3 Bd6 7. Bd3 dxc4 8. Bxc4 O-O 9. O-O h6 10. Bh4 b5 11. Bd3 Bb7 12. Ne4 Be7 13. Nxf6+ Bxf6 14. Bxf6 Qxf6 15. Qe2 a6 16. Rfc1 e5 17. Be4 Rfe8 18. dxe5 Nxe5 19. Nxe5 Rxe5 20. Qf3 Re6 21. Qxf6 Rxf6 22. Rc2 Rd8 23. Rac1 Rfd6 24. Kf1 a5 25. Bxc6 Bxc6 26. Rxc6 Rxc6 27. Rxc6 Rd2 28. b3 Rxa2 29. Rc5 b4 30. Rd5 a4 31. bxa4 b3 0-1

[Event "81.Camp. Veneto Quarti di Finale"]
[Site "Verona ITA"]
[Date "2022.05.07"]
[Round "2.14"]
[White "Fanchin, Matteo"]
[Black "Gennari, Andrea"]
[Result "1/2-1/2"]
[WhiteElo "1467"]
[BlackElo "1749"]
[Annotator "Gabriele Ballarin"]
[PlyCount "49"]
[EventDate "2022.05.06"]
[EventType "swiss"]
[EventRounds "5"]
[EventCountry "ITA"]

1. e4 e6 2. Nf3 d5 3. e5 c5 4. b4 cxb4 5. a3 Nc6 6. axb4 Bxb4 7. c3 Ba5 8. d4 Nge7 9. Bd3 Bd7 10. Ba3 Ng6 11. O-O Nce7 12. h4 Rc8 13. Ng5 Nf5 14. Bxf5 exf5 15. e6 fxe6 16. Re1 Qf6 17. Nxe6 Bxe6 18. Qa4+ Kf7 19. Qxa5 Rcd8 20. Qxa7 Nxh4 21. Nd2 Qg5 22. g3 Rhe8 23. Qxb7+ Rd7 24. Qc6 Rdd8 25. Rab1 1/2-1/2

[Event "81.Camp. Veneto Quarti di Finale"]
[Site "Verona ITA"]
[Date "2022.05.07"]
[Round "2.15"]
[White "Serea, Gabriele"]
[Black "Filippi, Marco"]
[Result "1-0"]
[WhiteElo "1722"]
[BlackElo "1289"]
[Annotator "Gabriele Ballarin"]
[PlyCount "105"]
[EventDate "2022.05.06"]
[EventType "swiss"]
[EventRounds "5"]
[EventCountry "ITA"]

1. e4 c5 2. Nf3 Nc6 3. d4 cxd4 4. Nxd4 e5 5. Nb3 Nf6 6. Bd3 Be7 7. O-O O-O 8. Nc3 d6 9. h3 Be6 10. Be3 Rc8 11. Qe2 Qd7 12. Rad1 Bxh3 13. gxh3 Qxh3 14. f3 Qe6 15. Nd5 Nh5 16. Qh2 g6 17. Bh6 Rfd8 18. Ne3 Bf8 19. Bxf8 Rxf8 20. Bc4 Qf6 21. Nd5 Qd8 22. Nd2 Nd4 23. c3 Ne6 24. Kf2 Nef4 25. Rh1 Nxd5 26. Bxd5 Qb6+ 27. Kf1 Qxb2 28. Nb1 Qxh2 29. Rxh2 b6 30. c4 Kg7 31. Rhd2 Nf4 32. Na3 h5 33. Nb5 Nxd5 34. cxd5 Rfd8 35. Nxa7 Rc3 36. Kg2 Kf6 37. Nc6 Ra8 38. Rb1 Raa3 39. Rf2 Kg5 40. Rxb6 Kf4 41. Rb7 f5 42. exf5 gxf5 43. Rf7 Rxf3 44. Rxf3+ Rxf3 45. Rxf5+ Kxf5 46. Kxf3 h4 47. a4 h3 48. Kg3 Ke4 49. Ne7 Kd4 50. a5 Kc5 51. Kxh3 Kb5 52. Nc6 e4 53. Kg3 1-0